[Event "Prebor mesta Vsetina 2017"]
[Site "?"]
[Date "2017.07.05"]
[Round "6"]
[White "Pycha, Patrik"]
[Black "Weinzettl, Ernst"]
[Result "1/2-1/2"]
[WhiteElo "2060"]
[BlackElo "2290"]
[PlyCount "93"]
[SourceDate "2017.07.05"]

1.e4 e6 2.d4 d5 3.Nc3 Bb4 4.e5 Ne7 5.a3 Bxc3+ 6.bxc3 b6 7.Nf3 c5 8.Bd3 Ba6 9.
Bxa6 Nxa6 10.O-O Nf5 11.Qe2 Nb8 12.Rd1 cxd4 13.Nxd4 Nxd4 14.Rxd4 Qc7 15.c4 Nc6
16.Rd1 Qxe5 17.Qxe5 Nxe5 18.cxd5 O-O-O 19.Bb2 Nc4 20.Bxg7 Rhg8 21.Bf6 Rxd5 22.
Rxd5 exd5 23.Bc3 Kd7 24.a4 Rc8 25.a5 bxa5 26.Bxa5 Ra8 27.h3 Kc6 28.Bc3 a5 29.
Kf1 Kc5 30.Ra4 d4 31.Ba1 Rb8 32.Ke2 Rb1 33.c3 Kb5 34.Ra2 dxc3 35.Bxc3 a4 36.
Kd3 Rd1+ 37.Kc2 Rg1 38.g3 Rf1 39.Kd3 Rd1+ 40.Kc2 Rd7 41.Ra1 Nb6 42.Rb1+ Kc5
43.Re1 Nc4 44.Re8 Na3+ 45.Kb2 Nc4+ 46.Kc2 Na3+ 47.Kb2 1/2-1/2

[Event "Prebor mesta Vsetina 2017"]
[Site "?"]
[Date "2017.07.05"]
[Round "6"]
[White "Zgarba, Radek"]
[Black "Zvolanek, Libor"]
[Result "0-1"]
[WhiteElo "1838"]
[BlackElo "2176"]
[PlyCount "54"]
[SourceDate "2017.07.05"]

1.c4 c5 2.Nc3 Nc6 3.Nf3 Nf6 4.g3 g6 5.Bg2 Bg7 6.O-O d6 7.a3 O-O 8.d3 Bd7 9.Rb1
Qc8 10.Bd2 Bh3 11.b4 Bxg2 12.Kxg2 b6 13.b5 Nd4 14.e3 Ne6 15.Qc2 Qb7 16.e4 Nh5
17.Nd5 f5 18.exf5 Rxf5 19.Rbe1 Rxf3 20.Rxe6 Rf7 21.f4 Nf6 22.Rxf6 Bxf6 23.Kg1
Bd4+ 24.Be3 e6 25.Bxd4 exd5 26.Bf2 d4 27.Re1 Re7 0-1

[Event "Prebor mesta Vsetina 2017"]
[Site "?"]
[Date "2017.07.05"]
[Round "6"]
[White "Malinovsky, Petr"]
[Black "Husek, Martin"]
[Result "1-0"]
[WhiteElo "2019"]
[BlackElo "2137"]
[PlyCount "59"]
[SourceDate "2017.07.05"]

1.d4 Nf6 2.c4 e6 3.Nc3 Bb4 4.Bg5 h6 5.Bh4 c5 6.d5 Bxc3+ 7.bxc3 d6 8.e3 Qe7 9.
Nf3 Nbd7 10.Bd3 Nb6 11.O-O exd5 12.cxd5 Nbxd5 13.e4 Nc7 14.e5 dxe5 15.Nxe5 O-O
16.Re1 Re8 17.f4 Qd8 18.Qb3 Be6 19.Qxb7 Ncd5 20.f5 Re7 21.Qb2 Bc8 22.Rad1 Qc7
23.c4 Rb8 24.Qa1 Nf4 25.Bxf6 gxf6 26.Ng4 Nxd3 27.Nxf6+ Kf8 28.Nd5 Rxe1+ 29.
Rxe1 Kg8 30.Nxc7 1-0

[Event "Prebor mesta Vsetina 2017"]
[Site "?"]
[Date "2017.07.05"]
[Round "6"]
[White "Krejca, Jakub"]
[Black "Havelka, Ondrej"]
[Result "1/2-1/2"]
[WhiteElo "2115"]
[BlackElo "2104"]
[PlyCount "87"]
[SourceDate "2017.07.05"]

1.e4 e6 2.Nc3 d5 3.g3 dxe4 4.Nxe4 Bd7 5.Nf3 Bc6 6.Qe2 Nd7 7.Bg2 Ngf6 8.Nxf6+
Nxf6 9.O-O Be7 10.d4 O-O 11.c3 Be4 12.Bf4 c5 13.Rfd1 Qb6 14.dxc5 Bxc5 15.Be5
Bxf2+ 16.Qxf2 Qxf2+ 17.Kxf2 Ng4+ 18.Kg1 Bxf3 19.Bxg7 Bxg2 20.Bxf8 Kxf8 21.Kxg2
Ne3+ 22.Kf3 Nxd1 23.Rxd1 Ke7 24.Rd4 Rg8 25.Ra4 a6 26.Rb4 b5 27.c4 Rg5 28.cxb5
Rxb5 29.Rxb5 axb5 30.Ke4 Kd6 31.g4 f6 32.a3 Kc5 33.b3 h6 34.h4 Kd6 35.Kd4 Kc6
36.a4 bxa4 37.bxa4 Kd6 38.a5 Kc6 39.Kc4 e5 40.Kd3 Kb5 41.Ke4 Kxa5 42.g5 fxg5
43.hxg5 hxg5 44.Kxe5 1/2-1/2

[Event "Prebor mesta Vsetina 2017"]
[Site "?"]
[Date "2017.07.05"]
[Round "6"]
[White "Skalsky, Alexandr"]
[Black "Kovarik, Matyas"]
[Result "1/2-1/2"]
[WhiteElo "2071"]
[BlackElo "1890"]
[PlyCount "106"]
[SourceDate "2017.07.05"]

1.e4 e6 2.d4 d5 3.e5 c5 4.c3 Qb6 5.Nf3 Bd7 6.Bd3 Bb5 7.dxc5 Bxc5 8.b4 Bf8 9.
O-O Bxd3 10.Qxd3 Ne7 11.Na3 Nbc6 12.Be3 Qd8 13.b5 Na5 14.c4 Nxc4 15.Nxc4 dxc4
16.Qxc4 Nd5 17.Rfd1 Be7 18.Qg4 g6 19.Bh6 Bf8 20.Bg5 Be7 21.Bh6 Bf8 22.Bg5 Be7
23.h4 h5 24.Qh3 Qb6 25.a4 O-O-O 26.Rxd5 Bxg5 27.Rxd8+ Bxd8 28.Ng5 Bxg5 29.hxg5
Qd4 30.Rc1+ Kb8 31.Qf3 Qd7 32.a5 Rc8 33.Rxc8+ Kxc8 34.b6 a6 35.Qa3 Kd8 36.Qf8+
Qe8 37.Qd6+ Qd7 38.Qf8+ Qe8 39.Qb4 Qe7 40.Qd4+ Qd7 41.Qc4 Qe7 42.Qc3 Qd7 43.
Kh2 Qe7 44.Qc4 Qd7 45.Kg3 Qe7 46.Kf4 Qd7 47.Qb4 Ke8 48.Qd6 Qa4+ 49.Kg3 Qd7 50.
Qc5 Kd8 51.Qf8+ Qe8 52.Qd6+ Qd7 53.Kf4 Ke8 1/2-1/2

[Event "Prebor mesta Vsetina 2017"]
[Site "?"]
[Date "2017.07.05"]
[Round "6"]
[White "Koutny, Petr"]
[Black "Vraj, Ondrej"]
[Result "1-0"]
[WhiteElo "2189"]
[BlackElo "1816"]
[PlyCount "45"]
[SourceDate "2017.07.05"]

1.e4 d5 2.exd5 Qxd5 3.Nc3 Qa5 4.d4 c6 5.Bc4 Nf6 6.Bd2 Qc7 7.Qe2 Bf5 8.O-O-O e6
9.Nf3 Nbd7 10.Ne5 Nb6 11.Bb3 O-O-O 12.g4 Bg6 13.h4 Rxd4 14.h5 Be4 15.Bf4 Bd6
16.Rxd4 Bxe5 17.Bxe5 Qxe5 18.Rxe4 Nxe4 19.Qxe4 Qg5+ 20.Kb1 Nd7 21.Rd1 Nf6 22.
Qd4 Kb8 23.f3 1-0

[Event "Prebor mesta Vsetina 2017"]
[Site "?"]
[Date "2017.07.05"]
[Round "6"]
[White "Bednarik, Josef"]
[Black "Zadrapa, Radek"]
[Result "0-1"]
[WhiteElo "2183"]
[BlackElo "2060"]
[PlyCount "77"]
[SourceDate "2017.07.05"]

1.e4 c5 2.Nf3 d6 3.d4 cxd4 4.Nxd4 Nf6 5.Nc3 a6 6.Be3 e5 7.Nb3 Be6 8.Be2 b5 9.
O-O Be7 10.f3 O-O 11.Nd5 Bxd5 12.exd5 Nbd7 13.a4 Nb6 14.axb5 Nbxd5 15.Bf2 axb5
16.Bxb5 Qc7 17.Qd2 Nf4 18.Na5 d5 19.Nc6 Bd6 20.Kh1 d4 21.c4 dxc3 22.bxc3 e4
23.Bd4 exf3 24.gxf3 N6h5 25.Qf2 Qd7 26.Qh4 Rxa1 27.Rxa1 Qf5 28.c4 Qd3 29.Qf2
Nh3 30.Qg2 N3f4 31.Qf2 g6 32.Be5 Bxe5 33.Nxe5 Qc3 34.Re1 f6 35.Re3 Qa1+ 36.Re1
Qa8 37.Nd7 Nd3 38.Qe2 Nxe1 39.Qe6+ 0-1

[Event "Prebor mesta Vsetina 2017"]
[Site "?"]
[Date "2017.07.05"]
[Round "6"]
[White "Kapusta, Petr"]
[Black "Ambrozova, Lucie"]
[Result "1-0"]
[WhiteElo "2175"]
[BlackElo "1875"]
[PlyCount "33"]
[SourceDate "2017.07.05"]

1.e4 c5 2.Nf3 d6 3.d4 cxd4 4.Nxd4 Nf6 5.Nc3 g6 6.Bc4 Bg7 7.O-O O-O 8.Re1 Nc6
9.Nxc6 bxc6 10.Bb3 Ba6 11.Bg5 Nd7 12.Qd2 Ne5 13.Bh6 Bxh6 14.Qxh6 Nc4 15.Bxc4
Bxc4 16.e5 dxe5 17.Re4 1-0

[Event "Prebor mesta Vsetina 2017"]
[Site "?"]
[Date "2017.07.05"]
[Round "6"]
[White "Brousek, Jiri"]
[Black "Stepan, Patrik"]
[Result "0-1"]
[WhiteElo "2016"]
[BlackElo "2268"]
[PlyCount "98"]
[SourceDate "2017.07.05"]

1.d4 Nf6 2.Nf3 e6 3.e3 b6 4.Bd3 Bb7 5.O-O c5 6.Nbd2 cxd4 7.exd4 Be7 8.c3 O-O
9.Qe2 d6 10.Ng5 Nbd7 11.Nde4 h6 12.Nxf6+ Nxf6 13.Ne4 Qc7 14.Nxf6+ Bxf6 15.Be4
Rac8 16.Bxb7 Qxb7 17.Qg4 Kh7 18.Bd2 Qd5 19.b3 b5 20.Rad1 Rc6 21.Rfe1 Ra6 22.
Ra1 Rc8 23.Qe2 Rac6 24.Qd3+ Kg8 25.Rad1 e5 26.Qf5 Qe6 27.Qxe6 fxe6 28.dxe5
Bxe5 29.g3 Kf7 30.f4 Bf6 31.Kg2 d5 32.Re2 Bxc3 33.Bxc3 Rxc3 34.f5 Rc2 35.fxe6+
Ke7 36.Rdd2 Rxd2 37.Rxd2 Kxe6 38.Kf3 Rc3+ 39.Kf4 g6 40.h4 a5 41.g4 Rh3 42.Re2+
Kd6 43.Re8 Rxh4 44.Kg3 Rh1 45.Ra8 Kc5 46.Rxa5 d4 47.a4 d3 48.Rxb5+ Kd4 49.Rb8
d2 0-1

[Event "Prebor mesta Vsetina 2017"]
[Site "?"]
[Date "2017.07.05"]
[Round "6"]
[White "Laszczak, Przemyslaw"]
[Black "Babula, Milan"]
[Result "1/2-1/2"]
[WhiteElo "1864"]
[BlackElo "2244"]
[PlyCount "112"]
[SourceDate "2017.07.05"]

1.d4 Nf6 2.c4 g6 3.Nc3 Bg7 4.e4 O-O 5.f4 c5 6.d5 d6 7.Nf3 e6 8.Be2 exd5 9.cxd5
Bg4 10.O-O Na6 11.a4 Nb4 12.h3 Bxf3 13.Bxf3 Re8 14.Re1 Nd7 15.Nb5 Qb6 16.Be3
a6 17.Na3 Qc7 18.Qb3 Rab8 19.Rac1 Qd8 20.Nc4 Qf6 21.a5 b5 22.axb6 Nxb6 23.e5
dxe5 24.fxe5 Qh4 25.Nxb6 Rxb6 26.Bf2 Qg5 27.Bxc5 Rbb8 28.Bd6 Bxe5 29.Bxb8 Rxb8
30.Rcd1 Bd6 31.Qa4 Kg7 32.Re8 Bc5+ 33.Kf1 Qg3 34.Re2 Qh2 35.Rf2 Qg3 36.Re2 Qh2
37.Rf2 Nd3 38.Rxd3 Qh1+ 39.Ke2 Rxb2+ 40.Rd2 Qc1 41.Kd3 Qb1+ 42.Ke2 Bxf2 43.
Rxb2 Qxb2+ 44.Kd3 Qb6 45.Qc6 Bc5 46.Qxb6 Bxb6 47.d6 Kf6 48.Bb7 a5 49.Kc4 Ke5
50.Kb5 Bd8 51.Kc5 h5 52.Bd5 f5 53.Bf7 Kf6 54.Be8 h4 55.Kd4 g5 56.Bd7 Bb6+
1/2-1/2

[Event "Prebor mesta Vsetina 2017"]
[Site "?"]
[Date "2017.07.05"]
[Round "6"]
[White "Sokolski, Aleksander"]
[Black "Gratze, Michael"]
[Result "0-1"]
[WhiteElo "1868"]
[BlackElo "2057"]
[PlyCount "92"]
[SourceDate "2017.07.06"]

1.d4 Nf6 2.c4 g6 3.Nc3 Bg7 4.e4 d6 5.h3 O-O 6.Bg5 c5 7.d5 h6 8.Be3 b5 9.cxb5
a6 10.Qd2 Kh7 11.Nf3 Qa5 12.bxa6 Nxa6 13.Be2 Rb8 14.O-O Nc7 15.Rab1 Qb4 16.a3
Qb3 17.Bd1 Qb7 18.Bc2 Qa8 19.Rfd1 Nd7 20.Bd3 Ba6 21.Qc2 Nb6 22.b4 Bxd3 23.Rxd3
c4 24.Rdd1 Qxa3 25.Bd4 Nd7 26.Ra1 Qb3 27.Qd2 Ra8 28.Rab1 Qa3 29.Bxg7 Kxg7 30.
Qd4+ Nf6 31.Qxc4 Qa7 32.Nd4 Qb7 33.Nc6 Rfc8 34.b5 e5 35.dxe6 Nxb5 36.Nxb5 Rxc6
37.Qd4 Qe7 38.Nxd6 Qxe6 39.Rb7 Rf8 40.e5 Nd7 41.f4 Nc5 42.Re7 Kg8 43.g4 Qb3
44.Kg2 Ne6 45.Qe4 Rc2+ 46.Kg1 Qg3+ 0-1

[Event "Prebor mesta Vsetina 2017"]
[Site "?"]
[Date "2017.07.05"]
[Round "6"]
[White "Hrabovsky, Vladimir"]
[Black "Vraj, Karel"]
[Result "1/2-1/2"]
[WhiteElo "2000"]
[BlackElo "1778"]
[PlyCount "29"]
[SourceDate "2017.07.06"]

1.e4 e5 2.Nf3 Nc6 3.Bb5 a6 4.Ba4 b5 5.Bb3 d6 6.c3 Be6 7.O-O Bxb3 8.axb3 Nf6 9.
d3 Be7 10.Nbd2 O-O 11.Re1 d5 12.Qe2 d4 13.Nf1 a5 14.Ng3 h6 15.Nf5 1/2-1/2

[Event "Prebor mesta Vsetina 2017"]
[Site "?"]
[Date "2017.07.05"]
[Round "6"]
[White "Russel, Bernhard"]
[Black "Mostek, Jan"]
[Result "1-0"]
[WhiteElo "1928"]
[BlackElo "1774"]
[PlyCount "69"]
[SourceDate "2017.07.06"]

1.d4 Nf6 2.Nf3 g6 3.c4 Bg7 4.g3 O-O 5.Bg2 d5 6.O-O c6 7.b3 Bg4 8.Bb2 Qc8 9.Nc3
Bh3 10.Rc1 Bxg2 11.Kxg2 e6 12.cxd5 exd5 13.b4 a6 14.a4 Qe8 15.b5 Qe7 16.Qb3
Re8 17.e3 Nbd7 18.Ba3 Qe6 19.bxc6 bxc6 20.a5 Ne4 21.Na4 g5 22.h3 h5 23.Qc2 g4
24.hxg4 Qxg4 25.Rh1 Bh6 26.Rh4 Qg7 27.Re1 Ndf6 28.Nc5 Nxc5 29.Bxc5 Re4 30.Reh1
Rae8 31.Rxe4 Nxe4 32.Rh3 f5 33.Nh4 Qg4 34.Bb4 f4 35.exf4 1-0

[Event "Prebor mesta Vsetina 2017"]
[Site "?"]
[Date "2017.07.05"]
[Round "6"]
[White "Budik, Pavel"]
[Black "Dungl, Petr"]
[Result "1/2-1/2"]
[WhiteElo "1675"]
[BlackElo "1884"]
[PlyCount "32"]
[SourceDate "2017.07.06"]

1.e4 c5 2.Nc3 Nc6 3.g3 g6 4.Bg2 Bg7 5.Nge2 e6 6.O-O d6 7.f4 Nge7 8.Kh1 O-O 9.
d3 Rb8 10.Be3 Nd4 11.Bg1 Nxe2 12.Qxe2 b5 13.a3 Qc7 14.Nd1 Bd7 15.c3 a5 16.g4
f5 1/2-1/2

[Event "Prebor mesta Vsetina 2017"]
[Site "?"]
[Date "2017.07.05"]
[Round "6"]
[White "Peterka, Josef"]
[Black "Filak, Josef"]
[Result "1/2-1/2"]
[WhiteElo "1796"]
[BlackElo "1765"]
[PlyCount "131"]
[SourceDate "2017.07.06"]

1.d4 b6 2.e3 Bb7 3.Nf3 Nf6 4.Bd3 g6 5.O-O Bg7 6.Re1 O-O 7.e4 e6 8.e5 Nd5 9.Be4
c6 10.c4 Ne7 11.Nc3 f6 12.exf6 Bxf6 13.Bh6 Re8 14.Ne5 Nf5 15.Bxf5 exf5 16.f4
d6 17.Nf3 Na6 18.Qb3 c5 19.d5 Nc7 20.Rxe8+ Qxe8 21.Re1 Qd7 22.Qc2 Re8 23.Rxe8+
Qxe8 24.Kf2 a6 25.a4 b5 26.axb5 axb5 27.b3 Ba6 28.Ne2 bxc4 29.bxc4 Qa8 30.Qa4
Bc8 31.Qxa8 Nxa8 32.Bg5 Kf7 33.Nd2 Nb6 34.Ke3 Ba6 35.Kd3 Nxd5 36.Bxf6 Nxf6 37.
Nc3 Ke6 38.Nb3 h6 39.h4 Bb7 40.g3 Be4+ 41.Ke3 Bc2 42.Nc1 d5 43.Kd2 Be4 44.
cxd5+ Nxd5 45.Nxd5 Kxd5 46.Kc3 c4 47.Kd2 Bb1 48.Ke3 Be4 49.Kd2 Kd4 50.Ne2+ Kd5
51.Nc3+ Kd4 52.Ne2+ Kc5 53.Nc3 Kb4 54.Nd1 Kb3 55.Nc3 Kb4 56.Ne2 Kc5 57.Nc3 Bd3
58.Ke3 Bf1 59.Nd1 Kd5 60.Nc3+ Kc5 61.Nd1 Kb4 62.Kd2 Kb3 63.Nc3 Bg2 64.Nd1 Bf3
65.Nc3 Kb2 66.Na4+ 1/2-1/2

[Event "Prebor mesta Vsetina 2017"]
[Site "?"]
[Date "2017.07.05"]
[Round "6"]
[White "Vlachopulos, Elefteris"]
[Black "Mica, Marek"]
[Result "0-1"]
[WhiteElo "1770"]
[BlackElo "1974"]
[PlyCount "102"]
[SourceDate "2017.07.06"]

1.d4 Nf6 2.c4 e6 3.Bg5 Be7 4.Nf3 b6 5.Nc3 Bb7 6.e3 Ne4 7.Bxe7 Qxe7 8.Be2 f5 9.
O-O d6 10.Nxe4 fxe4 11.Nd2 O-O 12.Qb3 Nd7 13.Rac1 Rf6 14.g3 Rh6 15.Kg2 Qg5 16.
Rh1 Qf5 17.h3 Rf8 18.Rcf1 Qf7 19.Qc2 Rf6 20.Rh2 Rxf2+ 21.Kg1 Rxf1+ 22.Bxf1 Qg6
23.Rg2 Qg5 24.Qc3 Rf6 25.Be2 Qg6 26.b4 Rf3 27.Kh2 Rf5 28.g4 Rf8 29.c5 bxc5 30.
dxc5 Qf6 31.Qc2 Qe5+ 32.Kg1 dxc5 33.Nc4 Qa1+ 34.Kh2 cxb4 35.Qa4 Nb6 36.Qxa7
Nxc4 37.Bxc4 Qe5+ 38.Kg1 Bd5 39.Qc5 Qa1+ 40.Kh2 Bxc4 41.Qxc4 Qe5+ 42.Kg1 c5
43.h4 Qd5 44.Qb5 Rd8 45.g5 Qd1+ 46.Kh2 Qe1 47.Rg3 Qf2+ 48.Kh3 Qf5+ 49.Rg4 Rf8
50.h5 Qf3+ 51.Kh4 Qh1+ 0-1

[Event "Prebor mesta Vsetina 2017"]
[Site "?"]
[Date "2017.07.06"]
[Round "7"]
[White "Zvolanek, Libor"]
[Black "Wiewiora, Eneasz"]
[Result "1/2-1/2"]
[BlackElo "2290"]
[PlyCount "29"]
[EventDate "2017.??.??"]
[WhiteElo "2176"]

1.d4 Nf6 2.Nf3 g6 3.c4 Bg7 4.Nc3 d5 5.Bf4 O-O 6.Rc1 c5 7.dxc5 Na6 8.cxd5 Nxc5
9.g3 Nce4 10.Nxe4 Nxe4 11.Nd2 Qa5 12.Bg2 Nxd2 13.Qxd2 Qxa2 14.b4 Qxd2+ 15.Bxd2
1/2-1/2

[Event "Prebor mesta Vsetina 2017"]
[Site "?"]
[Date "2017.07.06"]
[Round "7"]
[White "Sosna, Jan"]
[Black "Roubalik, Jakub"]
[Result "0-1"]
[WhiteElo "2341"]
[BlackElo "2391"]
[PlyCount "74"]
[EventDate "2017.??.??"]

1.d4 Nf6 2.Nf3 d5 3.Bf4 c5 4.e3 Nbd7 5.h3 g6 6.Nbd2 Bg7 7.c3 O-O 8.Be2 b6 9.
O-O Bb7 10.b4 Ne4 11.Rc1 Nxd2 12.Qxd2 c4 13.Ne5 f6 14.Nxd7 Qxd7 15.Bg4 Qc6 16.
Rb1 e5 17.b5 Qe8 18.dxe5 fxe5 19.Bg3 h5 20.Be2 Qe6 21.Rb4 e4 22.f3 exf3 23.
Rxf3 a5 24.bxa6 Rxa6 25.Rxf8+ Bxf8 26.Rb1 Bc5 27.Bf2 Ra8 28.Bf3 Rf8 29.Rd1
Rxf3 30.gxf3 Qxh3 31.Qe2 d4 32.Qxc4+ Kg7 33.e4 Qxf3 34.Rxd4 Bxe4 35.Kf1 Qh1+
36.Ke2 Bf3+ 37.Ke3 Bg4 0-1

[Event "Prebor mesta Vsetina 2017"]
[Site "?"]
[Date "2017.07.06"]
[Round "7"]
[White "Jasny, Stanislav"]
[Black "Malinovsky, Petr"]
[Result "1-0"]
[WhiteElo "2363"]
[BlackElo "2019"]
[PlyCount "81"]
[EventDate "2017.??.??"]

1.c4 e6 2.Nf3 d5 3.g3 c6 4.b3 Nf6 5.Bg2 Nbd7 6.Bb2 Be7 7.O-O O-O 8.d3 b6 9.e4
Bb7 10.cxd5 cxd5 11.e5 Ne8 12.d4 Rc8 13.Qd2 g6 14.Na3 Ng7 15.Rfc1 Nb8 16.Bh3
Qd7 17.Nc2 Nc6 18.Qh6 Nf5 19.Bxf5 exf5 20.Ng5 Bxg5 21.Qxg5 f6 22.exf6 Qe6 23.
Ne3 Rcd8 24.Rc2 Qxf6 25.Qxf6 Rxf6 26.Rac1 Re6 27.Ng2 g5 28.Ne1 g4 29.Nd3 Rde8
30.Ne5 Nxe5 31.dxe5 Kf7 32.Rc7+ R8e7 33.Ba3 Ba6 34.Rxe7+ Rxe7 35.Bxe7 Kxe7 36.
Rc6 d4 37.Rd6 d3 38.h4 h5 39.a4 Kf7 40.b4 Bc4 41.f4 1-0

[Event "Prebor mesta Vsetina 2017"]
[Site "?"]
[Date "2017.07.06"]
[Round "7"]
[White "Bosak, Jan"]
[Black "Kuchar, Matej"]
[Result "1-0"]
[WhiteElo "2151"]
[BlackElo "2018"]
[PlyCount "59"]
[EventDate "2017.??.??"]

1.c4 c5 2.Nf3 g6 3.Nc3 Bg7 4.d4 cxd4 5.Nxd4 Nf6 6.e4 Nc6 7.Nf3 O-O 8.Be2 d6 9.
O-O Be6 10.Bd2 a5 11.Rc1 Nd7 12.Re1 Nc5 13.Bf1 a4 14.Bg5 h6 15.Bh4 g5 16.Bg3
Qb6 17.Qd3 Qb4 18.a3 Qb3 19.Qe2 Rae8 20.h3 Na5 21.Nb5 Qxb2 22.Rc2 Qb3 23.Nfd4
Bxd4 24.Nxd4 Qxa3 25.Qh5 Kg7 26.h4 f6 27.Nf5+ Bxf5 28.exf5 Rh8 29.Qg6+ Kf8 30.
Bxd6 1-0

[Event "Prebor mesta Vsetina 2017"]
[Site "?"]
[Date "2017.07.06"]
[Round "7"]
[White "Weinzettl, Ernst"]
[Black "Horak, Martin"]
[Result "1-0"]
[WhiteElo "2290"]
[BlackElo "2073"]
[PlyCount "69"]
[EventDate "2017.??.??"]

1.e4 c5 2.Nf3 e6 3.d4 cxd4 4.Nxd4 Nc6 5.Nc3 Qc7 6.g3 a6 7.Bg2 Nf6 8.O-O Nxd4
9.Qxd4 Bc5 10.Bf4 d6 11.Qd2 h6 12.Rad1 e5 13.Be3 Be6 14.Bxc5 dxc5 15.Nd5 Bxd5
16.exd5 Qd6 17.c4 O-O 18.Rfe1 Rfe8 19.Re2 Re7 20.Rde1 Rae8 21.Qc3 Nd7 22.Bh3
Nf6 23.a3 b5 24.b3 Kf8 25.Bg2 Nd7 26.Qd3 Rb8 27.f4 bxc4 28.Qh7 f6 29.bxc4 Kf7
30.Bh3 Nf8 31.fxe5 Rxe5 32.Be6+ Nxe6 33.dxe6+ Qxe6 34.Rxe5 fxe5 35.Rf1+ 1-0

[Event "Prebor mesta Vsetina 2017"]
[Site "?"]
[Date "2017.07.06"]
[Round "7"]
[White "Havelka, Ondrej"]
[Black "Koutny, Petr"]
[Result "1-0"]
[WhiteElo "2104"]
[BlackElo "2189"]
[PlyCount "125"]
[EventDate "2017.??.??"]

1.d4 Nf6 2.c4 g6 3.Nc3 d5 4.cxd5 Nxd5 5.e4 Nxc3 6.bxc3 Bg7 7.Qa4+ Bd7 8.Qa3
O-O 9.Nf3 Nc6 10.Bd3 Bg4 11.O-O Bxf3 12.gxf3 Qd7 13.Rb1 Qh3 14.Be2 b6 15.d5
Ne5 16.c4 Qh4 17.f4 Nd7 18.Qg3 Qxg3+ 19.hxg3 Bd4 20.Rd1 Bc5 21.e5 a5 22.Kg2
Rfd8 23.Bb2 Nf8 24.Bf3 Rab8 25.a4 Nd7 26.Rh1 Nf8 27.g4 e6 28.Bc3 Re8 29.Kg3
Rbd8 30.Be4 Nd7 31.f3 Bf8 32.dxe6 fxe6 33.Bc6 Nc5 34.Rbd1 Rxd1 35.Rxd1 Rb8 36.
Bb2 Be7 37.Ba3 Rd8 38.Bxc5 bxc5 39.Rb1 Rd4 40.Rb8+ Kf7 41.Be8+ Kg7 42.Bb5 c6
43.Bxc6 Rxc4 44.Rb7 Kf8 45.Rb8+ Kg7 46.Bd7 Rb4 47.Rxb4 cxb4 48.Bxe6 Bc5 49.f5
gxf5 50.gxf5 h5 51.f6+ Kg6 52.f4 b3 53.Bxb3 Kf5 54.Bc2+ Ke6 55.Kf3 h4 56.Bb3+
Kf5 57.Bc2+ Ke6 58.Ke4 h3 59.f5+ Kd7 60.e6+ Ke8 61.Bd1 Ba3 62.Bh5+ Kf8 63.e7+
1-0

[Event "Prebor mesta Vsetina 2017"]
[Site "?"]
[Date "2017.07.06"]
[Round "7"]
[White "Pycha, Patrik"]
[Black "Kapusta, Petr"]
[Result "1-0"]
[WhiteElo "2060"]
[BlackElo "2175"]
[PlyCount "49"]
[EventDate "2017.??.??"]

1.e4 c5 2.Nc3 d6 3.g3 Nc6 4.Bg2 g6 5.Nge2 Bg7 6.O-O Rb8 7.a3 b5 8.b4 a5 9.Rb1
axb4 10.axb4 Nxb4 11.d4 cxd4 12.Nxd4 Qa5 13.Ncxb5 Bd7 14.c3 Na6 15.c4 Nf6 16.
Be3 Qd8 17.e5 dxe5 18.Nc6 Bxc6 19.Bxc6+ Kf8 20.Qa4 Qc8 21.Na7 Qf5 22.Bb7 Nc7
23.Be4 Qxe4 24.Rxb8+ Nce8 25.Bg5 1-0

[Event "Prebor mesta Vsetina 2017"]
[Site "?"]
[Date "2017.07.06"]
[Round "7"]
[White "Kovarik, Matyas"]
[Black "Dzikowski, Michal"]
[Result "0-1"]
[WhiteElo "1890"]
[BlackElo "2147"]
[PlyCount "130"]
[EventDate "2017.??.??"]

1.e4 c6 2.d4 d5 3.exd5 cxd5 4.Bd3 Nc6 5.c3 Qc7 6.h3 Nf6 7.Nf3 g6 8.O-O Bg7 9.
Bg5 Bf5 10.Re1 Bxd3 11.Qxd3 O-O 12.Nbd2 h6 13.Bxf6 Bxf6 14.Qe3 Bg7 15.Nb3 e6
16.Nc1 b5 17.Nd3 a5 18.a3 b4 19.axb4 axb4 20.Nfe5 bxc3 21.bxc3 Nxe5 22.Nxe5
Rxa1 23.Rxa1 Rc8 24.Rc1 Bxe5 25.Qxe5 Qxe5 26.dxe5 Rc4 27.Kf1 g5 28.g3 Kg7 29.
f3 Kg6 30.g4 h5 31.Ke2 h4 32.Kd3 Ra4 33.Kd2 f6 34.exf6 Kxf6 35.Kd3 Ra2 36.c4
dxc4+ 37.Rxc4 Rh2 38.Ke4 Rxh3 39.f4 Rh1 40.fxg5+ Kxg5 41.Kf3 Rf1+ 42.Kg2 Rf4
43.Rc5+ Kxg4 44.Re5 Rf6 45.Re4+ Kg5 46.Re5+ Kf4 47.Rh5 Kg4 48.Rh8 Rf5 49.Re8
e5 50.Rg8+ Rg5 51.Re8 Rh5 52.Rg8+ Kf4 53.Kh3 e4 54.Rf8+ Ke3 55.Kg2 h3+ 56.Kg1
Kd3 57.Rd8+ Ke2 58.Rd7 e3 59.Rd8 Ke1 60.Rd7 e2 61.Rd8 h2+ 62.Kh1 Rf5 63.Rg8
Kf1 64.Rg2 e1=Q 65.Rf2+ Kxf2+ 0-1

[Event "Prebor mesta Vsetina 2017"]
[Site "?"]
[Date "2017.07.06"]
[Round "7"]
[White "Zadrapa, Radek"]
[Black "Krejca, Jakub"]
[Result "1-0"]
[WhiteElo "2060"]
[BlackElo "2115"]
[PlyCount "61"]
[EventDate "2017.??.??"]

1.d4 e6 2.c4 d5 3.Nf3 Nf6 4.g3 Be7 5.Bg2 O-O 6.O-O dxc4 7.Nc3 c5 8.dxc5 Bxc5
9.Qxd8 Rxd8 10.Ne5 Nc6 11.Nxc4 Bd7 12.Bf4 Rac8 13.Rfd1 Be8 14.Nd6 Bxd6 15.Bxd6
Rd7 16.Bf4 Rcd8 17.Rxd7 Rxd7 18.Rd1 Rxd1+ 19.Nxd1 Nd5 20.Bd6 Nd4 21.e3 Nb5 22.
Bb8 Bc6 23.a4 Nbc7 24.e4 Na6 25.exd5 Bxa4 26.Nc3 Nxb8 27.Nxa4 b5 28.dxe6 fxe6
29.Nc3 b4 30.Na4 Kf7 31.Kf1 1-0

[Event "Prebor mesta Vsetina 2017"]
[Site "?"]
[Date "2017.07.06"]
[Round "7"]
[White "Stepan, Patrik"]
[Black "Skalsky, Alexandr"]
[Result "1/2-1/2"]
[WhiteElo "2268"]
[BlackElo "2071"]
[PlyCount "128"]
[EventDate "2017.??.??"]

1.d4 Nf6 2.c4 g6 3.Nc3 d5 4.cxd5 Nxd5 5.e4 Nxc3 6.bxc3 Bg7 7.Bc4 c5 8.Ne2 Nc6
9.Be3 O-O 10.O-O b6 11.dxc5 Qc7 12.Nd4 Ne5 13.Nb5 Qb8 14.Be2 bxc5 15.Bxc5 a6
16.Na3 Qc7 17.Bd4 Rd8 18.Qc1 Ng4 19.Bxg4 Bxg4 20.Qe3 Qd6 21.Nc2 Rab8 22.Rab1
Rxb1 23.Rxb1 e5 24.Bc5 Qd1+ 25.Rxd1 Rxd1+ 26.Qe1 Bh6 27.Qxd1 Bxd1 28.Nb4 a5
29.Nd5 Bc2 30.Bd6 a4 31.Nf6+ Kh8 32.Bxe5 Bg7 33.Nd7 a3 34.Bd6 Bxc3 35.Bxa3 Bb1
36.Bd6 Bxa2 37.Be5+ Bxe5 38.Nxe5 Kg7 39.f3 h5 40.Kf2 Kf6 41.Nd3 Be6 42.Ke3 Bc4
43.Kd4 Bb5 44.g3 Ke6 45.Nc5+ Kf6 46.f4 Bc6 47.Nd3 Bb7 48.Nb4 Bc8 49.Nd5+ Kg7
50.Ke5 f5 51.exf5 Bxf5 52.Nf6 Bh3 53.Ne4 Bf5 54.Ng5 Bg4 55.h4 Bf5 56.Nf3 Kf7
57.Nd4 Bg4 58.f5 gxf5 59.Nxf5 Kg6 60.Ne7+ Kf7 61.Nd5 Kg6 62.Nf4+ Kg7 63.Nd3
Kg6 64.Kf4 Kf6 1/2-1/2

[Event "Prebor mesta Vsetina 2017"]
[Site "?"]
[Date "2017.07.06"]
[Round "7"]
[White "Gratze, Michael"]
[Black "Zgarba, Radek"]
[Result "1-0"]
[WhiteElo "2057"]
[BlackElo "1838"]
[PlyCount "81"]
[EventDate "2017.??.??"]

1.e4 c5 2.Nf3 e6 3.d4 cxd4 4.Nxd4 Nf6 5.Nc3 d6 6.g4 h6 7.Bg2 Be7 8.h3 a6 9.Be3
Qc7 10.O-O Nc6 11.f4 Nd7 12.f5 Nde5 13.fxe6 fxe6 14.Qe2 Bd7 15.a4 Bf6 16.Nb3
Ke7 17.a5 Be8 18.Rfd1 g5 19.Rd2 Ng6 20.Qd1 Be5 21.Nd4 Nxa5 22.Nf5+ Kd7 23.Rxa5
exf5 24.Rc5 Qb8 25.exf5 Ke7 26.Nd5+ Kf8 27.fxg6 dxc5 28.Bxc5+ Kg7 29.Ne7 Qc7
30.Nf5+ Kxg6 31.Bd6 Qb6+ 32.Kh1 Bf6 33.Be4 Bc6 34.Rd5 Rhe8 35.Bc5 Qxb2 36.Nh4+
Kg7 37.Rd7+ Bxd7 38.Qxd7+ Re7 39.Nf5+ Kh8 40.Bxe7 Bxe7 41.Nxe7 1-0

[Event "Prebor mesta Vsetina 2017"]
[Site "?"]
[Date "2017.07.06"]
[Round "7"]
[White "Husek, Martin"]
[Black "Bednarik, Josef"]
[Result "1/2-1/2"]
[WhiteElo "2137"]
[BlackElo "2183"]
[PlyCount "148"]
[EventDate "2017.??.??"]

1.e4 d5 2.exd5 Qxd5 3.Nc3 Qa5 4.d4 c6 5.Nf3 Nf6 6.Bc4 Bg4 7.h3 Bh5 8.Bd2 Qc7
9.Qe2 Nbd7 10.O-O-O e6 11.g4 Bg6 12.Ne5 Nxe5 13.dxe5 Nd5 14.f4 h6 15.f5 Bh7
16.fxe6 fxe6 17.Nxd5 exd5 18.Bd3 O-O-O 19.Bf5+ Kb8 20.Rhf1 g6 21.Bd3 g5 22.e6
Be7 23.Rf7 Bxd3 24.Qxd3 Rhf8 25.Qh7 Rxf7 26.exf7 Bf8 27.Re1 Qg3 28.Kb1 Qf2 29.
Kc1 Rd7 30.Re8+ Kc7 31.Qh8 Rxf7 32.Qe5+ Bd6 33.Qe6 Qf1+ 34.Be1 Bf4+ 35.Kd1
Qf3+ 36.Qe2 Qxe2+ 37.Kxe2 c5 38.Re6 Rh7 39.Bf2 b6 40.Kf3 Kd7 41.Rg6 Be5 42.b3
Rf7+ 43.Kg2 Bg7 44.a4 Re7 45.a5 Kc7 46.axb6+ axb6 47.Kf3 Rf7+ 48.Ke2 Bf8 49.
Bg3+ Kb7 50.Bd6 Bg7 51.Bg3 Ka6 52.Rd6 d4 53.Rg6 Kb5 54.Kd2 Rb7 55.Kd3 Kb4 56.
Be1+ Ka3 57.Rc6 Bf8 58.Rc8 Rf7 59.Rb8 Rf6 60.h4 Be7 61.hxg5 hxg5 62.b4 cxb4
63.Bd2 Rc6 64.Rg8 Kb2 65.Rg7 Bd8 66.Rg8 Be7 67.Rg7 Bc5 68.Rxg5 Rf6 69.Rf5 Rxf5
70.gxf5 Bf8 71.f6 b5 72.Bf4 b3 73.cxb3 Kxb3 74.Kxd4 b4 1/2-1/2

[Event "Prebor mesta Vsetina 2017"]
[Site "?"]
[Date "2017.07.06"]
[Round "7"]
[White "Vraj, Ondrej"]
[Black "Russel, Bernhard"]
[Result "1-0"]
[WhiteElo "1816"]
[BlackElo "1928"]
[PlyCount "63"]
[EventDate "2017.??.??"]

1.e4 c6 2.d4 d5 3.exd5 cxd5 4.Bd3 Nf6 5.h3 e6 6.Bf4 Bd6 7.Bxd6 Qxd6 8.c3 O-O
9.Nf3 Nc6 10.O-O a6 11.Re1 b5 12.Nbd2 Bb7 13.Ne5 b4 14.Nb3 Rfb8 15.Nc5 Bc8 16.
Re3 Ne7 17.g4 Nd7 18.Nxf7 Kxf7 19.Nxe6 Nf6 20.g5 Bxe6 21.gxf6 Ng6 22.Qh5 Kg8
23.Bxg6 hxg6 24.Qxg6 Ra7 25.Rae1 Qf8 26.Rxe6 Rf7 27.Rxa6 bxc3 28.bxc3 Kh8 29.
Re5 Rxf6 30.Rh5+ Kg8 31.Qh7+ Kf7 32.Rxf6+ 1-0